000 01003cam a22003014a 4500
001 706772
003 OSt
005 20240115124642.0
008 970106s1997 paua b 001 0 eng c
010 _a 97000988
020 _a0838522517
040 _aDNLM/DLC
_cDLC
_dDLC
042 _apcc
050 0 0 _aRC682
_b.B73 1997
060 1 0 _aWG 17 B825e 1997
082 0 0 _aWG17 E74e 1997
_221
100 _aEditor-in-chief Eugene, Braunwald.
_913091
245 0 0 _aEssential Atlas of Heart Disease
260 _aPhiladelphia;
_bCurrent Medicine,
_c1997.
300 _a1 v. :
_bcol. ill. ;
_c31 cm.
504 _aIncludes bibliographical references and index.
650 0 _aHeart Atlas
_94869
650 1 2 _aCardiovascular diseases
_94870
906 _a7
_bcbc
_corignew
_d1
_eocip
_f19
_gy-gencatlg
942 _2z
_cO_SHELF
999 _c8260
_d8260